000 00427nam a22001697a 4500
999 _c8845
_d8845
003 GBCCL
005 20241126110659.0
008 211117b ||||| |||| 00| 0 eng d
040 _cgbc
082 _aVER 264.23
_bSUA
245 _aSuangmantam Labu
250 _a4th ed. ( enlarged and revised)
260 _aLamka:
_bEvangelical book house,
_c2007
300 _a175p. ;
650 _aHymns
_vKids
_915453
942 _2ddc
_cBK